[Event "Match"]
[Site "www.echecsemail.com"]
[Date "2015.11.01"]
[Round "1"]
[White "Vinvangogh"]
[Black "Chapi"]
[WhiteElo "1590"]
[BlackElo "2050"]
[Result "0-1"]
[Round "1"]
1.e4 c5
2.d4 cxd4
3.Qd1xd4 Nb8c6
4.Qd4d1 g6
5.Bf1c4 Bf8g7
6.Qd1f3 Nc6e5
7.Bc4xf7 Ne5xf7
8.Ng1h3 Ng8f6
9.Nh3g5 Qd8a5
10.Bc1d2 Qa5b5
11.Bd2c3 Nf7xg5
12.Qf3d3 Qb5xd3
13.cxd3 O-O
14.O-O b6
15.f4 Ng5e6
16.f5 Ne6c5
17.fxg6 hxg6
18.Nb1d2 Nc5xd3
19.Nd2c4 Nf6xe4
20.Bc3xg7 Kxg7
21.Rf1f3 Rf8xf3
22.gxf3 Ne4g5
23.Kg2 Bc8b7
24.Ra1d1 Bb7xf3
25.Kg3 Bf3xd1
26.Nc4e3 Nd3xb2
27.h3 e6
28.h4 Ra8f8
29.hxg5 Rf8f3
30.Kg2 Rf3xe3
31.Kf2 Re3e2
32.Kf1 e5
{ resign }
0-1

[Event "Match"]
[Site "www.echecsemail.com"]
[Date "2015.11.01"]
[Round "1"]
[White "Goosebumps"]
[Black "Llord"]
[WhiteElo "1699"]
[BlackElo "1830"]
[Result "1-0"]
[Round "1"]
1.e4 e5
2.f4 exf4
3.Ng1f3 Nb8c6
4.d4 d6
5.Bc1xf4 Bc8g4
6.Bf1b5 a6
7.Bb5xc6 bxc6
8.O-O Ng8f6
9.Nb1c3 Bf8e7
10.Qd1d3 O-O
11.Nf3d2 d5
12.exd5 Nf6xd5
13.Nc3xd5 cxd5
14.Qd3g3 Qd8d7
15.c3 Bg4e2
16.Rf1e1 Be2b5
17.Bf4xc7 Ra8c8
18.Bc7e5 g6
19.Qg3e3 Rf8e8
20.Nd2f3 Be7d6
21.Qe3f4 Bd6xe5
22.Nf3xe5 Qd7c7
23.Qf4h6 f6
24.Ne5g4 Re8xe1
25.Ra1xe1 Qc7g7
26.Qh6e3 Rc8e8
27.Qe3f2 Re8xe1
28.Qf2xe1 Bb5d7
29.Ng4f2 f5
30.Nf2d3 g5
31.Nd3b4 a5
32.Nb4xd5 f4
33.Nd5b6 Bd7c6
34.Qe1e6 Kf8
35.Qe6xc6 Qg7e7
36.Qc6c8 Kg7
37.Qc8d7 Qe7xd7
38.Nb6xd7 Kf7
39.a4 Ke6
40.Nd7c5 Kd5
41.Nc5b3 h5
42.Nb3xa5 g4
43.b4 Ke4
44.Kf2 h4
45.b5 g3
46.hxg3 hxg3
47.Ke2 f3
48.gxf3 Kf4
49.b6 g2
50.Kf2 { resign }
1-0

[Event "Match"]
[Site "www.echecsemail.com"]
[Date "2015.11.01"]
[Round "1"]
[White "Joseph1983"]
[Black "Goosebumps"]
[WhiteElo "2200"]
[BlackElo "2140"]
[Result "1/2-1/2"]
[Round "1"]
1.e4 c5
2.Ng1f3 g6
3.d4 cxd4
4.Qd1xd4 Ng8f6
5.e5 Nb8c6
6.Qd4a4 Nf6d5
7.Qa4e4 Nd5b6
8.Bc1f4 Bf8g7
9.Nb1c3 O-O
10.O-O-O f6
11.exf6 Bg7xf6
12.Nc3d5 Nb6xd5
13.Qe4xd5 e6
14.Qd5e4 Qd8b6
15.c3 d5
16.Qe4e3 Qb6xe3
17.Bf4xe3 Rf8d8
18.Be3g5 Bf6xg5
{ draw }
1/2-1/2

[Event "Match"]
[Site "www.echecsemail.com"]
[Date "2015.11.01"]
[Round "1"]
[White "Gatrooper"]
[Black "Dulap"]
[WhiteElo "1640"]
[BlackElo "999"]
[Result "0-1"]
[Round "1"]
1.e4 c5
2.d3 Nb8c6
3.Ng1f3 d6
4.h3 Ng8f6
5.a3 g6
6.Nb1c3 Bf8g7
7.Qd1e2 O-O
8.Nf3g5 Nc6d4
9.Qe2d1 e6
10.Bc1e3 Nd4c6
11.h4 e5
12.Nc3d5 h6
13.Ng5h3 Nf6xd5
14.c4 Nd5xe3
15.fxe3 Bc8xh3
16.gxh3 Qd8xh4
17.Kd2 f5
18.Kc1 Qh4f2
19.Bf1e2 Qf2xe3
20.Kb1 Nc6d4
21.Rh1e1 Nd4xe2
22.Re1xe2 Qe3xh3
23.Ka2 f4
24.Qd1g1 Qh3xd3
25.Qg1f1 Qd3xc4
26.b3 Qc4f7
27.Re2f2 f3
28.Rf2xf3 Qf7xf3
29.Qf1c4 Kh7
30.Ra1c1 Rf8f4
31.Rc1c3 Qf3g2
32.Rc3c2 Qg2xe4
33.Qc4e6 Qe4xc2
34.Ka1 Rf4f1
{ resign }
0-1

[Event "Match"]
[Site "www.echecsemail.com"]
[Date "2015.11.01"]
[Round "1"]
[White "Bojan"]
[Black "Mitja"]
[WhiteElo "2100"]
[BlackElo "1970"]
[Result "0-1"]
[Round "1"]
1.e4 d5
2.exd5 Qd8xd5
3.Nb1c3 Qd5d8
4.d4 e6
5.Qd1g4 c6
6.Bc1e3 g6
7.Bf1d3 Bf8g7
8.Ng1e2 Ng8f6
9.Qg4h4 Nb8d7
10.Be3h6 Bg7xh6
11.Qh4xh6 Qd8e7
12.h3 Qe7f8
13.Qh6f4 Nf6h5
14.Qf4f3 Nd7b6
15.a3 Qf8e7
16.O-O Nb6d5
17.Nc3e4 b6
18.g4 Nh5f6
19.Ne2g3 Nf6xe4
20.Ng3xe4 Bc8b7
21.c4 Nd5c7
22.Ne4f6 Kd8
23.Nf6e4 Nc7e8
24.Qf3f4 Kd7
25.c5 Ra8d8
26.b4 Kc8
27.Ne4c3 Ne8c7
28.cxb6 axb6
29.Rf1d1 f5
30.f3 Qe7f6
31.Bd3e2 g5
32.Qf4e3 Nc7d5
33.Nc3xd5 exd5
34.a4 fxg4
35.fxg4 h6
36.b5 Rd8e8
37.Qe3d3 Rh8f8
38.Rd1f1 Qf6e6
39.Rf1xf8 Re8xf8
40.Qd3d2 Qe6e4
41.Be2f1 c5
42.dxc5 bxc5
43.Bf1g2 Qe4e5
44.Ra1c1 d4
45.Bg2xb7 Kxb7
46.a5 Kb8
47.Qd2g2 Qe5e3
48.Kh2 Rf8f2
{ resign }
0-1

[Event "Match"]
[Site "www.echecsemail.com"]
[Date "2015.11.01"]
[Round "1"]
[White "Vinvangogh"]
[Black "Dulap"]
[WhiteElo "1590"]
[BlackElo "999"]
[Result "0-1"]
[Round "1"]
1.Nb1c3 e5
2.e4 Ng8f6
3.Bf1c4 Nb8c6
4.Ng1h3 Bf8e7
5.Bc4xf7 Kxf7
6.Qd1f3 Rh8f8
7.Nc3d5 Kg8
8.d4 Nc6xd4
9.Qf3g3 Nd4xc2
10.Ke2 Nc2xa1
11.Bc1h6 Rf8f7
12.Nh3g5 Nf6h5
13.Qg3xe5 Be7xg5
14.Bh6xg5 Qd8f8
15.f3 d6
16.Qe5d4 Na1c2
17.Qd4c3 c6
18.g4 cxd5
19.gxh5 dxe4
20.h6 Rf7xf3
21.Kd1 Rf3xc3
22.bxc3 Qf8f3
23.Kxc2 Qf3xh1
{ resign }
0-1

[Event "Match"]
[Site "www.echecsemail.com"]
[Date "2015.11.01"]
[Round "1"]
[White "Raulazo"]
[Black "Irene"]
[WhiteElo "1980"]
[BlackElo "2000"]
[Result "0-1"]
[Round "1"]
1.e4 c5
2.Ng1f3 Nb8c6
3.Bf1c4 a6
4.Nf3g5 e6
5.d3 Qd8a5
6.Bc1d2 Qa5b6
7.b3 h6
8.Ng5xf7 Kxf7
9.Qd1f3 Ke7
10.Qf3h3 Nc6d4
11.Nb1a3 Qb6d6
12.Qh3h4 Ng8f6
13.O-O-O b5
14.Bd2f4 Nd4e2
15.Kb1 Qd6xf4
16.g3 Qf4xh4
17.gxh4 Ne2c3
18.Kc1 Nc3xd1
19.Bc4xb5 Nd1xf2
20.Rh1f1 Nf2xe4
21.dxe4 axb5
22.Na3xb5 Ra8xa2
23.Kb1 Ra2a5
24.Nb5c3 Bc8b7
25.e5 Nf6g4
26.h3 Ng4xe5
27.Rf1e1 Ne5f3
28.Re1e3 Nf3xh4
29.Kb2 g5
30.Nc3a4 Bf8g7
31.Kc1 Bb7c6
32.Na4b6 Nh4f5
33.Re3d3 Rh8b8
34.Nb6c4 Ra5a1
35.Kd2 Bc6b5
36.Rd3f3 Bb5xc4
37.bxc4 Ra1a2
{ resign }
0-1

[Event "Match"]
[Site "www.echecsemail.com"]
[Date "2015.11.01"]
[Round "1"]
[White "Llord"]
[Black "Pinehill"]
[WhiteElo "1840"]
[BlackElo "1990"]
[Result "0-1"]
[Round "1"]
1.e4 d5
2.exd5 Ng8f6
3.Nb1c3 g6
4.Bf1c4 Bf8g7
5.Ng1f3 O-O
6.O-O Nb8d7
7.d4 Nd7b6
8.Bc4b3 Nb6xd5
9.Nc3xd5 Nf6xd5
10.Nf3e5 e6
11.c4 Nd5b6
12.c5 Nb6d5
13.a3 c6
14.Ne5f3 Qd8c7
15.g3 b6
16.Bc1d2 Bc8a6
17.Rf1e1 Ra8d8
18.Bb3xd5 exd5
19.Bd2f4 Qc7d7
20.cxb6 axb6
21.Bf4e5 Rf8e8
22.Nf3g5 f6
23.Be5xf6 Bg7xf6
24.Ng5f3 Ba6c8
25.Qd1d2 Qd7h3
26.Re1xe8 Rd8xe8
27.Nf3g5 Bf6xg5
28.Qd2xg5 Bc8g4
29.Qg5h4 Qh3xh4
30.gxh4 c5
31.dxc5 bxc5
32.a4 d4
33.Kg2 d3
34.f3 Re8e2
35.Kg3 Bg4f5
36.Ra1d1 Re2xb2
37.Kf4 c4
38.Ke3 Rb2a2
39.Kd4 Ra2xa4
40.Kc3 Kf7
41.Rd1e1 Bf5e6
42.f4 Ra4a3
43.Kd4 d2
44.Re1d1 c3
{ resign }
0-1

[Event "1/32 Finale"]
[Site "www.chess-mail.com"]
[Date "2015.11.01"]
[Round "1"]
[White "Llord"]
[Black "Eusegon"]
[WhiteElo "1900"]
[BlackElo "2110"]
[Result "1-0"]
[Round "1"]
1.e4 e6
2.d4 d5
3.e5 c5
4.Bf1b5 Nb8c6
5.Ng1f3 a6
6.Bb5xc6 bxc6
7.O-O cxd4
8.Nf3xd4 c5
9.Nd4f3 Bc8b7
10.Bc1g5 Qd8b6
11.b3 Ng8e7
12.Nb1c3 Ne7f5
13.Nc3a4  { time }
1-0

[Event "1/128 Finale"]
[Site "www.chess-mail.com"]
[Date "2015.11.01"]
[Round "1"]
[White "Ffdd65"]
[Black "Bojan"]
[WhiteElo "2170"]
[BlackElo "2080"]
[Result "1-0"]
[Round "1"]
1.e4 g6
2.e5 d6
3.f4 dxe5
4.fxe5 Bf8g7
5.d4 Bc8e6
6.Bc1e3 a6
7.Nb1c3 Ng8h6
8.h3 Nh6f5
9.Be3f2 c6
10.g4 Nf5h6
11.Qd1d2 f6
12.exf6 exf6
13.O-O-O Qd8c7
14.Rd1e1 Kf7
15.Bf2e3 Nh6g8
16.Bf1g2 Nb8d7
17.Be3f4 Qc7a5
18.a3 Ng8e7
19.Bf4d6 Nd7f8
20.Bd6xe7 Kxe7
21.Nc3d5 Qa5xd5
22.Bg2xd5 cxd5
23.Qd2b4 Ke8
24.Qb4xb7 Ra8c8
25.Qb7xg7 { resign }
1-0

[Event "Tourn. n8432"]
[Site "www.chess-mail.com"]
[Date "2015.11.02"]
[Round "1"]
[White "Osmundw"]
[Black "Caspito"]
[WhiteElo "1639"]
[BlackElo "1820"]
[Result "0-1"]
[Round "1"]
1.e4 e5
2.Ng1f3 Nb8c6
3.c3 Ng8f6
4.d3 g6
5.d4 Nf6xe4
6.dxe5 Bf8g7
7.Bc1g5 Ne4xg5
8.Nf3xg5 Qd8xg5
9.f4 Qg5xf4
10.g3 Qf4xe5
11.Bf1e2 d5
12.Nb1d2 Bc8e6
13.Rh1f1 Be6g4
14.Nd2f3 Bg4xf3
15.Rf1xf3 O-O-O
16.Rf3xf7 Bg7h6
17.Qd1d4 Nc6xd4
18.cxd4 Qe5xd4
19.Kf1 Rh8f8
20.Ra1d1 Rf8xf7
21.Ke1 Qd4f2

0-1

[Event "Tourn. n8433"]
[Site "www.chess-mail.com"]
[Date "2015.11.02"]
[Round "1"]
[White "Luban"]
[Black "Ffdd65"]
[WhiteElo "2150"]
[BlackElo "2190"]
[Result "0-1"]
[Round "1"]
1.d4 d5
2.Ng1f3 Nb8c6
3.h3 h6
4.e3 Ng8f6
5.a3 a6
6.c4 e6
7.Nb1c3 Bf8e7
8.Bf1d3 Nc6a5
9.c5 Na5c6
10.b4 b5
11.Bc1b2 Bc8b7
12.O-O Nf6h7
13.e4 Nh7g5
14.Nf3xg5 hxg5
15.Nc3e2 Be7f6
16.e5 Bf6e7
17.f4 f6
18.fxg5 fxg5
19.Bd3g6 Kd7
20.Rf1f7 Rh8h4
21.Ne2g3 Qd8h8
22.Ng3h5 Ra8g8
23.Kh2 Nc6d8
24.Rf7f2 Qh8h6
25.g3 Rh4xh5
26.Bg6xh5 Rg8h8
27.g4 g6
28.Qd1e2 gxh5
29.gxh5 Bb7c6
30.Ra1f1 Kc8
31.Bb2c1 Bc6e8
32.Rf2g2 Be8xh5
33.Qe2e3 Bh5g6
34.Qe3g3 Nd8f7
{ resign }
0-1

[Event "Tourn. n8363"]
[Site "www.chess-mail.com"]
[Date "2015.11.02"]
[Round "1"]
[White "Cl3537"]
[Black "Gatrooper"]
[WhiteElo "1460"]
[BlackElo "1510"]
[Result "0-1"]
[Round "1"]
1.e4 e5
2.Ng1f3 Nb8c6
3.Nb1c3 a6
4.d3 h6
5.Bf1e2 d6
6.O-O g5
7.Bc1e3 Ng8f6
8.a3 d5
9.exd5 Nc6e7
10.b4 Ne7xd5
11.Nc3xd5 Nf6xd5
12.Nf3xe5 Nd5c3
13.g3 Nc3xd1
14.Rf1xd1 f6
15.Ne5c4 Bc8e6
16.Be2f3 Bf8g7
17.Be3d4 Be6xc4
18.dxc4 O-O
19.Rd1e1 Qd8xd4
20.Re1d1 Qd4xc4
21.Ra1c1 Rf8d8
22.h4 Rd8xd1
23.Rc1xd1 Qc4xc2
24.Rd1e1 gxh4
25.gxh4 f5
26.Bf3d5 Kh8
27.f3 Bg7d4
28.Kf1 Qc2f2

0-1

[Event "Tourn. n8375"]
[Site "www.chess-mail.com"]
[Date "2015.11.02"]
[Round "1"]
[White "Libiesse"]
[Black "Sontuozio"]
[WhiteElo "2120"]
[BlackElo "2050"]
[Result "0-1"]
[Round "1"]
1.d4 d5
2.c4 c6
3.Nb1c3 Ng8f6
4.cxd5 cxd5
5.Ng1f3 e6
6.Bc1g5 Nb8d7
7.e3 Bf8b4
8.Qd1c2 b6
9.Bf1b5 O-O
10.O-O a6
11.Bb5xd7 Bc8xd7
12.Nf3e5 Bb4e7
13.Ne5xd7 Nf6xd7
14.Bg5f4 Ra8c8
15.Qc2d3 b5
16.a3 Nd7b6
17.Rf1c1 Nb6c4
18.h3 Be7d6
19.Nc3e2 Bd6xf4
20.Ne2xf4 Nc4xb2
21.Qd3e2 Nb2c4
22.Qe2g4 Qd8f6
23.Nf4h5 Qf6g6
24.Qg4xg6 hxg6
25.Nh5f4 Rc8c7
26.Nf4d3 Rf8c8
27.Nd3c5 Rc7c6
28.Kf1 Nc4d2
29.Ke2 Nd2e4
30.f3 Ne4xc5
31.dxc5 Rc6xc5
32.Rc1xc5 Rc8xc5
33.Kd2 Kf8
34.Ra1b1 Ke7
35.Kd3 Kd6
36.h4 f5
37.f4 e5
38.g3 e4
39.Kd2 Rc5c4
40.Rb1b4 Kc5
41.Rb4b3 a5
42.Rb3c3 b4
43.axb4 axb4
44.Rc3b3 Kb5
45.Rb3b1 Rc4c3
46.Rb1a1 Rc3a3
47.Ra1xa3 bxa3
48.Kc3 a2
49.Kb2 Kc4
50.Kxa2 Kd3
{ resign }
0-1

[Event "Tourn. n8373"]
[Site "www.chess-mail.com"]
[Date "2015.11.02"]
[Round "1"]
[White "Heiserman"]
[Black "Jaroslavpech"]
[WhiteElo "2100"]
[BlackElo "2210"]
[Result "1-0"]
[Round "1"]
1.d4 d5
2.c4 c6
3.cxd5 cxd5
4.Nb1c3 Ng8f6
5.Bc1g5 Nf6e4
6.Nc3xe4 dxe4
7.g3 Qd8d5
8.Bg5e3 Nb8c6
9.Bf1g2 e5
10.dxe5 Qd5xe5
11.Ng1h3 Bf8b4
12.Kf1 Bc8f5
13.Qd1c2 h6
14.Nh3f4  { time }
1-0

[Event "Tourn. n8413"]
[Site "www.chess-mail.com"]
[Date "2015.11.02"]
[Round "1"]
[White "Asoka"]
[Black "Aperturaf"]
[WhiteElo "2660"]
[BlackElo "2390"]
[Result "1-0"]
[Round "1"]
1.c4 e6
2.d4 f5
3.g3 Ng8f6
4.Bf1g2 Bf8b4
5.Nb1d2 O-O
6.e3 Bb4e7
7.b3 c5
8.Ng1e2 cxd4
9.exd4 Nb8c6
10.O-O d5
11.Bc1b2 Nf6e4
12.Nd2f3 dxc4
13.bxc4 Qd8a5
14.d5 Rf8d8
15.Ne2f4 Qa5a6
16.Ra1c1 exd5
17.cxd5 Be7f8
18.Nf3d2 Qa6xa2
19.Nd2xe4 Qa2xb2
20.Ne4g5 h6
21.d6 Rd8xd6
22.Bg2d5 Bc8e6
23.Bd5xe6 { resign }
1-0

[Event "Tourn. n8392"]
[Site "www.chess-mail.com"]
[Date "2015.11.02"]
[Round "1"]
[White "Pariolinius"]
[Black "Julian"]
[WhiteElo "1950"]
[BlackElo "1830"]
[Result "1-0"]
[Round "1"]
1.d4 Ng8f6
2.c4 g6
3.Nb1c3 Bf8g7
4.Ng1f3 c6
5.Bc1g5 O-O
6.e4 d6
7.Bf1e2 Qd8c7
8.O-O e5
9.d5 Bc8g4
10.h3 Bg4d7
11.Nf3d2 Nb8a6
12.a3 cxd5
13.cxd5 Na6c5
14.f3 Nf6h5
15.Bg5h4 f5
16.Nc3b5 Qc7b6
17.a4 a6
18.a5 Qb6d8
19.Bh4xd8 Ra8xd8
20.Nb5xd6 fxe4
21.Nd2xe4 Nc5xe4
22.Nd6xe4 Nh5f4
23.Be2c4 Bd7b5
24.Qd1b3 Bb5xc4
25.Qb3xc4 Kh8
26.Ra1d1 h6
27.d6 Rd8c8
28.Qc4a4 Rc8d8
29.d7 Nf4e2
30.Kh2 Ne2d4
31.Ne4c5 b5
32.Qa4a2 b4
33.Qa2a4 Nd4b5
34.Qa4xb4 Nb5d4
35.b3 e4
36.fxe4 Rf8xf1
37.Rd1xf1 Nd4c6
38.Qb4b6 { resign }
1-0

[Event "Tourn. n8442"]
[Site "www.chess-mail.com"]
[Date "2015.11.02"]
[Round "1"]
[White "Hundegana"]
[Black "Huw"]
[WhiteElo "2010"]
[BlackElo "2040"]
[Result "0-1"]
[Round "1"]
1.d4 Ng8f6
2.Bc1g5 Nf6e4
3.Bg5f4 c5
4.d5 Qd8b6
5.Qd1c1 e6
6.dxe6 fxe6
7.c3 Bf8e7
8.f3 Ne4f6
9.b3 Nb8c6
10.e4 O-O
11.Bf1d3 d5
12.Ng1e2 c4
13.bxc4 dxe4
14.fxe4 Nf6g4
15.Rh1f1 e5
16.Bf4g3 Rf8xf1
{ resign }
0-1

[Event "Tourn. n8435"]
[Site "www.chess-mail.com"]
[Date "2015.11.02"]
[Round "1"]
[White "Goosebumps"]
[Black "Passaroa25"]
[WhiteElo "1699"]
[BlackElo "1660"]
[Result "1-0"]
[Round "1"]
1.e4 c6
2.d4 d6
3.Nb1c3 Bc8e6
4.Bf1d3 f6
5.e5 Be6f7
6.Ng1f3 Nb8d7
7.Qd1e2 Nd7b6
8.O-O Nb6c4
9.e6 Bf7h5
10.Bd3xc4 d5
11.Bc4d3 Bh5g6
12.Bd3xg6 hxg6
13.Qe2d3 f5
14.Nf3e5 Qd8d6
15.Rf1e1 Qd6xe6
16.Qd3g3 O-O-O
17.Bc1f4 Ng8h6
18.Ne5xg6 Qe6g8
19.Re1xe7 Nh6f7
20.Bf4b8 Nf7d6
21.Bb8xd6 Rd8d7
22.Re7xd7 Qg8e6
23.Rd7c7 Kd8
24.Ng6xf8 Rh8xf8
25.Bd6xf8 g6
26.Rc7xb7 Ke8
27.Qg3b8 { resign }
1-0

[Event "Tourn. n8379"]
[Site "www.chess-mail.com"]
[Date "2015.11.02"]
[Round "1"]
[White "Mitja"]
[Black "Osopanda"]
[WhiteElo "1900"]
[BlackElo "1910"]
[Result "1-0"]
[Round "1"]
1.d4 d5
2.e3 Ng8f6
3.h3 c5
4.dxc5 Qd8a5
5.c3 Nb8c6
6.Ng1f3 e5
7.Nb1d2 d4
8.Nd2b3 Qa5c7
9.cxd4 exd4
10.Nb3xd4 Bf8xc5
11.Nd4xc6 Qc7xc6
12.Bf1e2 O-O
13.O-O Bc8e6
14.b3 Rf8d8
15.Qd1c2 Ra8c8
16.Rf1d1 Rd8xd1
17.Qc2xd1 Bc5e7
18.Bc1b2 Qc6c2
19.Bb2d4 Nf6d5
20.Qd1xc2 Rc8xc2
21.Be2c4 Be7f6
22.Ra1d1 Rc2xa2
23.Bd4xf6 gxf6
24.Bc4xd5 Be6xd5
25.Rd1xd5 Kg7
26.Rd5d2 Ra2a1
27.Kh2 Ra1b1
28.Nf3d4 Kg6
29.g3 f5
30.Kg2 b5
31.Nd4xb5 Rb1xb3
32.Nb5xa7 h5
33.h4 Kf6
34.Na7c6 Rb3a3
35.Nc6d4 Ke5
36.Kf3 f4
37.gxf4 Kf6
38.Rd2c2 Kg6
39.Rc2c6 f6
40.f5 Kf7
41.Rc6c7 Kf8
42.Nd4e6 Ke8
43.Rc7h7 Ra3a5
44.e4 Ra5a3
45.Kf4 Ra3h3
46.Rh7xh5 Ke7
47.f3 Rh3h1
48.Rh5h7 Ke8
49.Kg3 Rh1g1
50.Kf2 Rg1a1
51.h5 { resign }
1-0

[Event "Tourn. n8442"]
[Site "www.chess-mail.com"]
[Date "2015.11.02"]
[Round "1"]
[White "Norlavuaram"]
[Black "Libiesse"]
[WhiteElo "2150"]
[BlackElo "2030"]
[Result "1-0"]
[Round "1"]
1.e4 c5
2.Ng1f3 e6
3.c4 Nb8c6
4.Nb1c3 g6
5.d3 Bf8g7
6.g3 Ng8e7
7.Bf1g2 O-O
8.O-O a6
9.Bc1e3 Bg7xc3
10.bxc3 b6
11.d4 cxd4
12.cxd4 Bc8b7
13.Ra1b1 b5
14.d5 Nc6a5
15.d6 Ne7c8
16.c5 Bb7xe4
17.Rb1c1 Na5c4
18.Be3h6 Rf8e8
19.Qd1d4 { resign }
1-0

[Event "Tourn. n8388"]
[Site "www.chess-mail.com"]
[Date "2015.11.02"]
[Round "1"]
[White "Eusegon"]
[Black "Churrasca"]
[WhiteElo "2110"]
[BlackElo "2170"]
[Result "0-1"]
[Round "1"]
1.e4 c5
2.Ng1f3 d6
3.Bf1b5 Bc8d7
4.Bb5xd7 Qd8xd7
5.d4 cxd4
6.Nf3xd4 Ng8f6
7.Nb1c3 Nb8c6
8.O-O e6
9.Bc1e3 Bf8e7
 { time }
0-1

[Event "Tourn. n8343"]
[Site "www.chess-mail.com"]
[Date "2015.11.02"]
[Round "1"]
[White "Nimzo"]
[Black "Stepanpech"]
[WhiteElo "2760"]
[BlackElo "2400"]
[Result "1-0"]
[Round "1"]
1.d4 d5
2.c4 c6
3.Ng1f3 Ng8f6
4.e3 Bc8f5
5.Nb1c3 e6
6.Nf3h4 Bf5e4
7.f3 Be4g6
8.Qd1b3 Qd8c7
9.Bc1d2 Nb8d7
10.cxd5 Nf6xd5
11.e4 Nd5xc3
12.Nh4xg6 hxg6
13.bxc3  { time }
1-0

[Event "Tourn. n8333"]
[Site "www.chess-mail.com"]
[Date "2015.11.02"]
[Round "1"]
[White "Johnmcbride"]
[Black "Coraza"]
[WhiteElo "1790"]
[BlackElo "1860"]
[Result "1-0"]
[Round "1"]
1.d4 d5
2.e3 Ng8f6
3.Bf1d3 Bc8g4
4.f3 Bg4h5
5.g4 Bh5g6
6.Bd3xg6 hxg6
7.Nb1c3 a6
8.Qd1d3 Nb8c6
9.a3 Qd8d6
10.Bc1d2 Rh8xh2
11.Rh1xh2 Qd6xh2
12.O-O-O Nc6a5
13.Qd3f1 Qh2d6
14.Ng1h3 Na5c4
15.Nh3f4 Qd6b6
16.Nf4d3 e6
17.Nc3a4 Qb6b5
18.Na4c3 Qb5b6
19.Nc3a4 Qb6b5
20.Na4c5 Bf8xc5
21.dxc5 b6
22.cxb6 cxb6
23.Bd2c3 Nc4xe3
24.Qf1e2 Ne3c4
25.Qe2h2 Ke7
26.Bc3b4 Kd7
27.Nd3e5 Nc4xe5
28.Qh2xe5 Nf6e8
29.Qe5h2 a5
30.Bb4c3 f6
31.Qh2h8 Ne8c7
32.Qh8xg7 Kd6
33.Qg7xf6 Qb5e2
34.Bc3e5 Qe2xe5
35.Qf6xg6 Qe5e3
36.Kb1 Qe3xf3
37.Rd1d3 Qf3f1
38.Ka2 Ra8f8
39.Qg6g7 Rf8f7
40.Qg7d4 Rf7f4
{ time. }
1-0

[Event "Tourn. n8330"]
[Site "www.chess-mail.com"]
[Date "2015.11.02"]
[Round "1"]
[White "Eusegon"]
[Black "Ulysse21"]
[WhiteElo "2120"]
[BlackElo "2260"]
[Result "0-1"]
[Round "1"]
1.e4 c5
2.Ng1f3 Nb8c6
3.d4 cxd4
4.Nf3xd4 e6
5.Nb1c3 Qd8c7
6.Bc1e3 a6
7.Bf1e2 Ng8f6
8.O-O b5
9.a3 Bc8b7
10.f4 d6
11.Qd1e1 Nc6xd4
12.Be3xd4 e5
13.Bd4e3 Nf6xe4
14.Nc3xe4 Bb7xe4
15.fxe5 dxe5
16.Be3d4 Bf8c5
17.Bd4xc5 Qc7xc5
18.Rf1f2 Be4g6
19.Ra1c1 O-O
20.c4 Ra8c8
21.b4 Qc5e3
22.Rc1c3 Qe3d4
23.c5 Rf8d8
24.h3 f6
25.Kh1 Bg6e8
26.Be2g4 Be8d7
27.Rf2d2 Qd4xc3
28.Qe1d1 Qc3xd2
29.Qd1xd2 Bd7xg4
30.Qd2a2 Kf8
 { time }
0-1

[Event "Match"]
[Site "www.echecsemail.com"]
[Date "2015.11.02"]
[Round "1"]
[White "Billyg"]
[Black "Goosebumps"]
[WhiteElo "1630"]
[BlackElo "1699"]
[Result "0-1"]
[Round "1"]
1.e4 e5
2.Ng1f3 Nb8c6
3.c3 Ng8f6
4.d3 Bf8c5
5.d4 exd4
6.cxd4 Bc5b4
7.Bc1d2 Nf6xe4
8.Qd1e2 Qd8e7
9.a3 Bb4xd2
10.Nb1xd2 d5
11.O-O-O Bc8g4
12.Nd2xe4 dxe4
13.Rd1e1 O-O-O
14.h3 Nc6xd4
15.Qe2xe4 Qe7c5
16.Kb1 Bg4f5
17.Qe4xf5 Qc5xf5
18.Ka2 Nd4xf3
19.gxf3 Qf5xf3
20.Rh1h2 Rd8d1
21.Bf1e2 Qf3d5
22.b3 Qd5d2
{ resign }
0-1

[Event "Match"]
[Site "www.echecsemail.com"]
[Date "2015.11.02"]
[Round "1"]
[White "Lino"]
[Black "Paco"]
[WhiteElo "1799"]
[BlackElo "1900"]
[Result "1-0"]
[Round "1"]
1.e4 e5
2.Ng1f3 Nb8c6
3.Bf1b5 Ng8f6
4.O-O Nf6xe4
5.d4 Nc6xd4
6.Nf3xd4 exd4
7.Rf1e1 f5
8.f3 c6
9.fxe4 cxb5
10.exf5 Bf8e7
11.Bc1g5 Qd8b6
12.Re1xe7 Kf8
13.Qd1h5 g6
14.Qh5h6 { resign }
1-0

[Event "Match"]
[Site "www.echecsemail.com"]
[Date "2015.11.02"]
[Round "1"]
[White "Cristiano"]
[Black "Darknight"]
[WhiteElo "2050"]
[BlackElo "1700"]
[Result "1-0"]
[Round "1"]
1.f4 d5
2.Ng1f3 h6
3.e3 e6
4.b3 Bf8e7
5.Bc1b2 f6
6.Bf1d3 a6
7.Bd3g6 Kf8
8.O-O f5
9.Qd1e1 Be7f6
10.Nf3e5 Qd8e7
11.Bg6h5 Bf6xe5
12.Bb2xe5 Nb8c6
13.Be5b2 b5
14.c3 e5
15.d4 e4
16.Bb2a3 b4
17.cxb4 Qe7f6
18.b5 Nc6e7
19.Bh5e2 h5
20.Ba3c5 h4
21.h3 Kf7
22.Nb1c3 c6
23.b6 Bc8b7
24.Nc3a4 Ne7c8
25.Bc5b4 Ng8e7
26.Bb4a5 Nc8d6
27.Na4c5 Rh8d8
28.Ra1c1 g5
29.Be2h5 Kf8
30.fxg5 Qf6h8
31.Nc5e6 Kg8
32.Bh5e2 Rd8c8
33.Ne6c7 Ra8b8
34.Nc7e6 Nd6e8
35.Qe1b4 Qh8h7
36.Rf1f4 Kf7
37.Ne6c5 Rb8a8
38.Nc5xb7 Qh7g6
39.Qb4e1 Qg6xg5
40.Qe1xh4 Qg5xh4
41.Rf4xh4 Kf6
42.Rh4f4 Rc8b8
43.Nb7c5 Kf7
44.g4 Kg6
45.gxf5 Kh6
46.Kh2 Ne8f6
47.Rc1g1 Nf6h5
48.Rf4h4 Ne7g6
49.Rg1xg6 { resign }
1-0

[Event "Match"]
[Site "www.echecsemail.com"]
[Date "2015.11.02"]
[Round "1"]
[White "Paco"]
[Black "Docemachess"]
[WhiteElo "1900"]
[BlackElo "1299"]
[Result "1-0"]
[Round "1"]
1.e4 c5
2.d4 cxd4
3.Qd1xd4 Nb8c6
4.Qd4c4 e5
5.Ng1f3 Ng8f6
6.Nf3g5 d5
7.exd5 Qd8xd5
8.Qc4xd5 Bc8e6
9.Ng5xe6 Nf6xd5
10.Ne6g5 a6
11.Bf1c4  { time }
1-0

[Event "Match"]
[Site "www.echecsemail.com"]
[Date "2015.11.02"]
[Round "1"]
[White "Whitekknight"]
[Black "Ztornad"]
[WhiteElo "1900"]
[BlackElo "1770"]
[Result "1-0"]
[Round "1"]
1.e4 e5
2.Ng1f3 d6
3.h3 g5
4.d4 exd4
5.Qd1xd4 Qd8f6
6.Qd4xf6 Ng8xf6
7.Bf1d3 g4
8.Nf3g5 h5
9.h4 Nf6g8
10.Nb1c3 c6
11.Bd3c4 Ng8h6
12.Bc1f4 d5
13.exd5 Nb8d7
14.dxc6 bxc6
15.O-O-O Bf8e7
16.Rh1e1 Nh6f5
17.Bc4xf7 Kf8
18.Bf7b3 Nd7c5
19.Bb3c4 Bc8a6
20.Bc4xa6 Nc5xa6
21.Re1e5 Nf5h6
22.Nc3e4 Nh6f7
23.Ng5xf7 Rh8h7
24.Nf7h6 Be7xh4
25.g3 Bh4e7
26.Nh6f5 Be7d8
27.Bf4h6 Kg8
28.Re5e8 Kf7
29.Re8f8 Kg6
30.Rd1d6 Bd8f6
31.Rd6xf6 
1-0

[Event "1/128 Finale"]
[Site "www.chess-mail.com"]
[Date "2015.11.02"]
[Round "1"]
[White "Aperturaf"]
[Black "Iko"]
[WhiteElo "2390"]
[BlackElo "1710"]
[Result "1-0"]
[Round "1"]
1.e4 e5
2.f4 Nb8c6
3.Ng1f3 exf4
4.d4 g5
5.d5 Nc6b8
6.Qd1d4 f6
7.Nf3xg5 Bf8g7
8.Ng5f3 Ng8h6
9.Bc1xf4 O-O
10.Nb1c3 Rf8f7
11.d6 cxd6
12.Bf1c4 f5
13.Qd4xd6 fxe4
14.Bf4xh6 Bg7xh6
15.Bc4xf7 Kxf7
16.Qd6xh6 exf3
17.Qh6xh7 Ke6
18.O-O-O fxg2
19.Rh1e1 Kf6
20.Nc3d5 Kg5
21.Re1e5 Kg4
22.Qh7h5 
1-0

[Event "1/64 Finale"]
[Site "www.chess-mail.com"]
[Date "2015.11.02"]
[Round "1"]
[White "Mitja"]
[Black "Bojan"]
[WhiteElo "1990"]
[BlackElo "2070"]
[Result "1-0"]
[Round "1"]
1.d4 d5
2.e3 a6
3.h3 g6
4.Ng1f3 Bf8g7
5.c3 Nb8c6
6.Nb1d2 Ng8f6
7.Nd2b3 b6
8.Bf1e2 Qd8d6
9.Nb3d2 Nf6e4
10.Nd2xe4 dxe4
11.Nf3h2 Bc8b7
12.O-O Ra8d8
13.Qd1c2 f5
14.Rf1d1 Nc6a5
15.b4 Na5c6
16.Qc2a4 b5
17.Qa4b3 Bb7c8
18.a3 Bc8e6
19.Qb3c2 Be6d5
20.Bc1b2 e5
21.dxe5 Bg7xe5
22.Nh2f1 Qd6e6
23.Qc2c1 Kf7
24.Rd1d2 g5
25.c4 Be5xb2
26.cxd5 Qe6f6
27.Rd2xb2 Rd8xd5
28.Rb2c2 Rd5d6
29.Ra1a2 Rh8c8
30.Nf1g3 Qf6e6
31.Ng3xf5 Nc6e5
32.Nf5xd6 Qe6xd6
33.Rc2d2 Qd6e6
34.Ra2c2 c6
35.Rc2c5 Kg6
36.Qc1c3 Kf6
37.Be2g4 Qe6e8
38.Bg4xc8 { resign }
1-0

[Event "Eq:Angolana Scacchi-Clubul Central de Sah : "]
[Site "www.chess-mail.com"]
[Date "2015.11.02"]
[Round "1"]
[White "Rocadamare"]
[Black "Battlejanson"]
[WhiteElo "2640"]
[BlackElo "1920"]
[Result "1-0"]
[Round "1"]
1.e4 c5
2.Ng1f3 d6
3.d4 cxd4
4.Nf3xd4 Ng8f6
5.Nb1c3 g6
6.Bc1e3 Bf8g7
7.f3 a6
8.Qd1d2 Nb8d7
9.g4 b5
10.O-O-O Bc8b7
11.h4 h5
12.g5 Nf6h7
13.f4  { time }
1-0

[Event "Eq:La Taverne-chibcha : "]
[Site "www.chess-mail.com"]
[Date "2015.11.02"]
[Round "1"]
[White "Guidom"]
[Black "Tbsundar"]
[WhiteElo "2110"]
[BlackElo "2080"]
[Result "0-1"]
[Round "1"]
1.e4 e5
2.Ng1f3 Nb8c6
3.Bf1b5 Ng8f6
4.O-O Nc6d4
5.Nf3xd4 exd4
6.e5 Nf6e4
7.Qd1e2 Ne4c5
8.f4 c6
9.Bb5c4 b5
10.Bc4d3 a5
11.c4 Nc5xd3
12.Qe2xd3 bxc4
13.Qd3xd4 Bc8a6
14.Nb1c3 Bf8e7
15.f5 O-O
16.f6 Be7b4
17.Qd4g4 g6
18.Qg4g5 Rf8e8
19.Nc3e4 Bb4f8
20.Ne4d6 Re8e6
21.Rf1f4 Qd8b6
22.Kh1 Bf8xd6
23.Rf4e4 Qb6f2
24.h3 Qf2f1
25.Kh2 Ra8e8
26.Re4h4 Re6xe5
{ resign }
0-1